[Event "Lueneburg Open 2013"]
[Site "Lueneburg GER"]
[Date "2013.07.17"]
[Round "3.6"]
[White "Ohme,M"]
[Black "Gutman,L"]
[Result "1-0"]
[WhiteElo "2303"]
[BlackElo "2455"]

1.e4 c5 2.Nf3 d6 3.d4 cxd4 4.Nxd4 Nf6 5.Nc3 a6 6.Be3 e5 7.Nf3 Be7 8.Bc4 O-O
9.O-O Nc6 10.Bb3 Na5 11.Bg5 Be6 12.Bxf6 Bxf6 13.Nd5 Rc8 14.c3 Nc4 15.Bxc4 Rxc4
16.Qd3 Bxd5 17.Qxd5 Qc7 18.Nd2 Rc5 19.Qd3 Rd8 20.c4 b5 21.cxb5 axb5 22.Rfd1 Bg5
23.b4 Rc2 24.Nf3 Be7 25.Qxb5 Rb8 26.Qa5 Qxa5 27.bxa5 Ra8 28.Rd5 Rc4 29.Nd2 Ra4
30.f3 g6 31.g4 f5 32.gxf5 gxf5 33.exf5 R8xa5 34.Rxa5 Rxa5 35.Nc4 Rc5 36.Ne3 Bg5
37.Kf2 Kf7 38.a4 Rc3 39.Nd1 Rc2+ 40.Kg1 Rc6 41.Kf2 d5 42.a5 Be7 43.a6 Bc5+
44.Ke2 Ba7 45.Ne3 Rh6 46.Ng4 Rd6 47.Nxe5+ Kf6 48.Nd3 Kxf5 49.Nb4 Re6+ 50.Kd2 Kf4
51.Ra3 Rh6 52.Nxd5+ Ke5 53.Nb4 Rxh2+ 54.Kd3 Kf4 55.Nc6 Bb6 56.Rb3 Bg1 57.Rb7 Ra2
58.Rf7+ Kg3 59.Rg7+ Kxf3 60.Rxg1 Rxa6 61.Nd4+ Kf4 62.Rh1 h6 63.Rh4+ Kg5 64.Nf3+ Kg6
65.Ke3 Rf6 66.Rg4+ Kh7 67.Kf2 Rf7 68.Rh4 Rg7 69.Ne5 Rg5 70.Ng4 h5 71.Ne3 Kg6
72.Kf3 Ra5 73.Rb4 Kg5 74.Kg3 Re5 75.Ng2 Ra5 76.Nh4 Rd5 77.Nf3+ Kf5 78.Rb8 Ke4
79.Re8+ Kd3 80.Kh4 Rf5 81.Ng5 Rf1 82.Kxh5 Kd4 83.Kg6 Kd5 84.Nh7 Kd6 85.Nf6 Rg1+
86.Kf7 Rf1 87.Rd8+ Kc7 88.Rd2 Re1 89.Ng4 Kc6 90.Kf6 Kc5 91.Ne5 Rf1+ 92.Ke6 Re1
93.Rc2+ Kb4 94.Kd5 Rd1+ 95.Ke4 Re1+ 96.Kd4 Kb5 97.Rb2+ Ka4 98.Nc4 Re8 99.Kc3 Rh8
100.Rb4+  1-0

[Event "Corporation Cup 2013"]
[Site "Izhevsk RUS"]
[Date "2013.07.18"]
[Round "7.8"]
[White "Gabrielian,A"]
[Black "Duzhakov,I"]
[Result "1/2-1/2"]
[WhiteElo "2544"]
[BlackElo "2341"]

1.e4 c5 2.Nf3 d6 3.d4 cxd4 4.Nxd4 Nf6 5.Nc3 a6 6.Be3 e5 7.Nb3 Be6 8.f3 Be7
9.Qd2 O-O 10.O-O-O Nbd7 11.g4 b5 12.Rg1 b4 13.Nd5 Bxd5 14.exd5 a5 15.g5 Nh5
16.Kb1 f5 17.gxf6 Rxf6 18.Qf2 Nf4 19.Nd2 Rf7 20.Ne4 Nf6 21.Ng3 N6h5 22.Qd2 Qd7
23.Rc1 Qb7 24.c4 bxc3 25.Rxc3 a4 26.Nxh5 Nxh5 27.Bh3 Nf4 28.Bxf4 Rxf4 29.Rgc1 Bd8
30.Be6+ Kh8 31.Rc8 Rf8 32.Rxa8 Qxa8 33.Qb4 Qa6 34.a3 Rxf3 35.Qb8 Rf8 36.Ka2 Qb6
37.Qxb6 Bxb6 38.Rc4 g5 39.Rxa4 Rf2 40.h3 Bd4 41.Rb4 Rd2 42.Bf5 h5 43.a4 Rf2
44.Bd7 Bc5 45.Rc4 Bd4 46.Rb4 Bc5 47.Rc4 Bd4 48.Rc8+ Kg7 49.Rb8 Bc5 50.a5 e4
51.Re8 e3 52.Kb3 Rf7 53.Bc8 Rf3 54.Kc4 g4 55.hxg4 hxg4 56.Re4 g3 57.Bh3 Rf2
58.b4 e2 59.Re7+ Kf8 60.Re4 Kg7 61.Kd3 Bxb4 62.Rxe2 Rxe2 63.Kxe2 Bxa5 64.Kf3 Be1
65.Ke4  1/2-1/2

[Event "43rd Nat Jun ch-IND U19"]
[Site "Lucknow IND"]
[Date "2013.07.18"]
[Round "11.1"]
[White "Das,Say"]
[Black "Narayanan,SL"]
[Result "1/2-1/2"]
[WhiteElo "2368"]
[BlackElo "2415"]

1.e4 c5 2.Nf3 d6 3.d4 cxd4 4.Nxd4 Nf6 5.Nc3 a6 6.Be3 e5 7.Nf3 Be7 8.Bc4 O-O
9.O-O Be6 10.Bb3 Qc7 11.Nh4 g6 12.Bh6 Rd8 13.Qf3 Bxb3 14.axb3 Nc6 15.Nf5 Nd4
16.Nxe7+ Qxe7 17.Qd3 Ne6 18.f3 d5 19.exd5 Nxd5 20.Nxd5 Qc5+ 21.Be3 Qxd5 22.Qxd5 Rxd5
23.Rfd1 Rad8 24.Rxd5 Rxd5 25.Kf2 f5 26.Ke2 Kf7 27.Ra4 h5 28.Rc4 Rd8 29.h4 f4
30.Bf2 Kf6 31.Bb6 Rd6 32.Bf2 Rd8 33.Bb6 Rd6  1/2-1/2

[Event "Czech Open G1 Rapid 2013"]
[Site "Pardubice CZE"]
[Date "2013.07.18"]
[Round "4.63"]
[White "Vachtfeidl,P"]
[Black "Dorst,J"]
[Result "0-1"]
[WhiteElo "1950"]
[BlackElo "2236"]

1.e4 c5 2.Nf3 d6 3.d4 cxd4 4.Nxd4 Nf6 5.Nc3 a6 6.Be3 e5 7.Nb3 Be7 8.f3 Be6
9.Qd2 O-O 10.O-O-O a5 11.Bb5 Na6 12.g4 Nc7 13.Bb6 Qb8 14.Ba4 Rc8 15.g5 Nd7
16.Bxd7 Bxd7 17.Bxc7 Qxc7 18.Nd5 Qd8 19.h4 a4 20.Na5 Bc6 21.Nc4 Bxd5 22.Qxd5 Qc7
23.Ne3 a3 24.b3 Qc3 25.Qd3 Qb2+ 26.Kd2 Qxa2 27.Ra1 Qb2 28.Rhb1 Qd4 29.Qxd4 exd4
30.Nf5 Bf8 31.Nxd4 d5 32.exd5 Bb4+ 33.Kd3 Rc3+ 34.Ke4 Re8+ 35.Kf4 g6 36.Re1 Rd8
37.Nb5 Rxc2 38.d6 Bxe1 39.Rxe1 a2 40.Nd4 Rd2 41.Ke3 Rb2 42.Ra1 Kf8 43.Nb5 Ra8
44.Nc7 Rb1 45.d7 Ke7 46.Nd5+ Kxd7 47.Nb6+ Kc6 48.Nxa8 Rxa1  0-1

[Event "Czech Open G1 Rapid 2013"]
[Site "Pardubice CZE"]
[Date "2013.07.18"]
[Round "6.13"]
[White "Kononenko,Dmitry1"]
[Black "Karavade,E"]
[Result "1-0"]
[WhiteElo "2610"]
[BlackElo "2398"]

1.e4 c5 2.Nf3 d6 3.d4 cxd4 4.Nxd4 Nf6 5.Nc3 a6 6.Be3 e5 7.Nb3 Be6 8.h3 Be7
9.f4 exf4 10.Bxf4 Nc6 11.Qe2 Ne5 12.O-O-O Qc7 13.g4 O-O 14.Kb1 Rfc8 15.g5 Nfd7
16.Nd5 Bxd5 17.exd5 Bf8 18.h4 g6 19.h5 Bg7 20.hxg6 hxg6 21.Qh2 Nf8 22.Bc1 Qb6
23.Be2 a5 24.Rd4 Nfd7 25.Rh4 Kf8 26.Nd4 Ke7 27.Be3 Nc5 28.Bb5 Qc7 29.a4 Rh8
30.Qe2 Rxh4 31.Rxh4 Rh8 32.Rxh8 Bxh8 33.Nf3 Kf8 34.Bd2 Nxf3 35.Qxf3 Bg7 36.Qe2 Be5
37.Qe1 b6 38.Qe2 Qc8 39.Qf3 Kg8 40.c3 Kg7 41.Be3 Qh8 42.Ka2 Kf8 43.b4 axb4
44.cxb4 Ne4 45.Kb3 Qh2 46.Qe2 Qg3 47.Qd3 Qe1 48.Bc6 Qa1 49.Kc4 Qb2 50.Bxb6 Nd2+
51.Kb5 Bc3 52.Ba5 Nb3 53.Qe4 Qf2 54.Bc7 Be5 55.Ka6 Qd2 56.Qc4 Nd4 57.b5 Qb2
58.b6 Nb3 59.b7 Nc5+ 60.Ka7 Nxb7 61.Bxb7 Bd4+ 62.Kb8  1-0

[Event "Open Desko Liberec 2013"]
[Site "Liberec CZE"]
[Date "2013.07.20"]
[Round "1.2"]
[White "Suchomel,T"]
[Black "Sabol,M"]
[Result "0-1"]
[WhiteElo "1799"]
[BlackElo "2332"]

1.e4 c5 2.Nf3 d6 3.d4 cxd4 4.Nxd4 Nf6 5.Nc3 a6 6.Be3 e6 7.Bd3 b5 8.O-O Bb7
9.f3 Be7 10.Kh1 O-O 11.Qd2 Nc6 12.Nce2 Ne5 13.Nf4 Nxd3 14.Nxd3 Nd7 15.a4 bxa4
16.Rxa4 Nb6 17.Rb4 d5 18.Rb3 Nc4 19.Qe2 Na5 20.Nxe6 fxe6 21.Bb6 Qc8 22.Bxa5 dxe4
23.Ne5 Bf6 24.f4 Bxe5 25.fxe5 Qxc2  0-1

[Event "6th Paleochora Open"]
[Site "Paleochora GRE"]
[Date "2013.07.20"]
[Round "2.17"]
[White "Godbole,A"]
[Black "Georgiadis,I"]
[Result "0-1"]
[WhiteElo "1943"]
[BlackElo "2449"]

1.e4 c5 2.Nf3 d6 3.d4 cxd4 4.Nxd4 Nf6 5.Nc3 a6 6.Be3 e5 7.Nf3 Be7 8.Bc4 O-O
9.O-O Qc7 10.Qe2 Nc6 11.Bg5 Na5 12.Bxf6 Bxf6 13.Nd2 Be6 14.Bb3 Rac8 15.Bd5 Nc6
16.Nb3 Nd4 17.Qd3 b5 18.a3 Qa7 19.Rfd1 Bg4 20.Re1 Kh8 21.h3 Bh5 22.g4 Bg6
23.Nxd4 exd4 24.Ne2 Rc5 25.Qd2 Qe7 26.Nxd4 Bxd4 27.Qxd4 Rxc2 28.Bb3 Rcc8
29.f4 f6 30.f5 Bf7 31.Bxf7 Qxf7 32.Rac1 Qb3 33.Qxd6 Qxh3 34.Rc3 Qxg4+ 35.Rg3 Qh4
36.Rd1 Rfe8 37.Rg2 Rxe4  0-1

[Event "7th LCT 2013"]
[Site "Leiden NED"]
[Date "2013.07.21"]
[Round "9.12"]
[White "Padurariu,I"]
[Black "Overeem,M"]
[Result "1/2-1/2"]
[WhiteElo "2208"]
[BlackElo "2139"]

1.e4 c5 2.Nf3 d6 3.d4 cxd4 4.Nxd4 Nf6 5.Nc3 a6 6.Be3 e5 7.Nf3 Be7 8.Bc4 O-O
9.O-O Be6 10.Bxe6 fxe6 11.Ng5 Qd7 12.f3 h6 13.Nh3 d5 14.exd5 exd5 15.Bf2 Nc6
16.Qe2 Bb4 17.Na4 Rae8 18.c3 Bd6 19.Nc5 Qf7 20.Qd3 Rd8 21.Qf5 Rfe8 22.Rad1 d4
23.Ne4 Nxe4 24.Qxf7+ Kxf7 25.fxe4 Kg8 26.Bh4 Be7 27.Bg3 dxc3 28.bxc3 Rxd1
29.Rxd1 Rd8 30.Rd5 Kf7 31.Kf2 Ke6 32.Rxd8 Bxd8 33.Ke2 Bb6  1/2-1/2

[Event "6th Paleochora Open"]
[Site "Paleochora GRE"]
[Date "2013.07.21"]
[Round "4.8"]
[White "Kourkoulos Arditis,Stamatis"]
[Black "Borovikov,V"]
[Result "1/2-1/2"]
[WhiteElo "2185"]
[BlackElo "2564"]

1.e4 c5 2.Nf3 d6 3.d4 cxd4 4.Nxd4 Nf6 5.Nc3 a6 6.Be3 e5 7.Nb3 Be7 8.Be2 Be6
9.O-O Nbd7 10.f4 Qc7 11.f5 Bc4 12.a4 O-O 13.a5 b5 14.axb6 Nxb6 15.Kh1 Rfc8
16.Ra2 h6 17.Bxb6 Qxb6 18.Bxc4 Rxc4 19.Qe2 Rb4 20.Rfa1 Qb7 21.Na5 Qc7 22.Nd5 Nxd5
23.exd5 Rd4 24.Nc6 Rxd5 25.Nb4 Rd4 26.c3 Rh4 27.Rxa6 Rxa6 28.Qxa6 Bg5 29.g3 Rxb4
30.cxb4 Qc2 31.Qa8+ Kh7 32.Qg2 Qb3 33.Rf1 Qxb4 34.Qd5 Qxb2 35.Qxf7  1/2-1/2

[Event "22nd Open ch-MKD"]
[Site "Struga MKD"]
[Date "2013.07.21"]
[Round "9.4"]
[White "Nikolov,Sas"]
[Black "Ilic,Zo3"]
[Result "1/2-1/2"]
[WhiteElo "2402"]
[BlackElo "2270"]

1.e4 c5 2.Nf3 d6 3.d4 cxd4 4.Nxd4 Nf6 5.Nc3 a6 6.Be3 Ng4 7.Bg5 Nc6 8.Nb3 h6
9.Bh4 g5 10.Bg3 Bg7 11.Qd2 Be6 12.O-O-O Nge5 13.Nd5 b5 14.c3 Nc4 15.Qc2 Rc8
16.Bxc4 bxc4 17.Nd2 Bxd5 18.exd5 Ne5 19.Bxe5 Bxe5 20.Nf3 Bf6 21.Rhe1 Qa5
22.Kb1 Rc5 23.Re4 O-O 24.Nd2 Rfc8 25.Rde1 Qb5 26.Rxe7 Bxe7 27.Rxe7 Rxd5 28.a4 Qc6
29.Nf3 Re8 30.Nd4 Rxd4 31.Rxe8+ Qxe8 32.cxd4 d5 33.Ka2 Qe1 34.g4 a5 35.h3 Kg7
36.Qf5 Qb4  1/2-1/2

[Event "Glorney Cup 2013"]
[Site "Cardiff ENG"]
[Date "2013.07.22"]
[Round "3.6"]
[White "O'Donnell,Conor"]
[Black "Roy,Ali"]
[Result "1-0"]
[WhiteElo "2105"]
[BlackElo "1882"]

1.e4 c5 2.Nf3 d6 3.d4 cxd4 4.Nxd4 Nf6 5.Nc3 a6 6.Be3 e5 7.Nb3 Be6 8.f3 Be7
9.Qd2 Nc6 10.O-O-O O-O 11.g4 a5 12.g5 Ne8 13.a4 Nb4 14.h4 Nc7 15.f4 Bg4 16.Re1 d5
17.fxe5 dxe4 18.Bg2 Bf3 19.Bxf3 exf3 20.Rhf1 Ncd5 21.Nxd5 Nxd5 22.Bc5 b6
23.Bxe7 Nxe7 24.Rxf3 Qxd2+ 25.Nxd2 Nd5 26.Nc4 Rac8 27.b3 Rc6 28.Rd1 Nc7 29.Rd6 Rc5
30.Rxb6 Ne6 31.Rd6 Rd8 32.Ra6 h6 33.g6 Rf8 34.gxf7+ Rxf7 35.Rxf7 Kxf7 36.Rxa5 Rc7
37.Kd2 g5 38.hxg5 Nxg5 39.Ke3 h5 40.Ra6 Ne6 41.Nd6+ Ke7 42.c4  1-0

[Event "ch-AUT 2013"]
[Site "Feldkirch AUT"]
[Date "2013.07.22"]
[Round "3.7"]
[White "Bezler,R"]
[Black "Froewis,G"]
[Result "1-0"]
[WhiteElo "2217"]
[BlackElo "2423"]

1.e4 c5 2.Nf3 d6 3.d4 cxd4 4.Nxd4 Nf6 5.Nc3 a6 6.Be3 Ng4 7.Qd2 Nxe3 8.Qxe3 e6
9.O-O-O Be7 10.Kb1 Nc6 11.f4 Qc7 12.Qg3 Bf6 13.Nxc6 bxc6 14.e5 dxe5 15.Ne4 Kf8
16.Nxf6 gxf6 17.fxe5 fxe5 18.Qg5 Bd7 19.Bc4 Rg8 20.Qf6 Rb8 21.Rhf1 Rg7 22.Rd3 Be8
23.Bxe6 Qe7 24.Qxe5 Rb5 25.Qe1 Rxg2 26.Re3 Qb4 27.Qc1 Qd4 28.Ref3 Rb7 29.Bb3 Re7
30.h3 a5 31.Rf4 Qd6 32.a3 Qg6 33.Rf5 Rg3 34.Ka2 a4 35.Bxa4 Bd7 36.Rf6 Be6+
37.Bb3 Bxb3+ 38.cxb3 Qd3 39.Rxc6 Qxb3+ 40.Ka1 Rg6 41.Rc8+ Kg7 42.h4 h6 43.Qd2 Qb5
44.Qd4+ Qe5 45.Qd8 Kh7 46.Qf8 Rg2 47.Rxf7+ Rxf7 48.Qxf7+ Rg7 49.Qf2 Rd7 50.Qc2+ Kg7
51.Qg2+ Kf6 52.Qf3+  1-0

[Event "31st Andorra Open"]
[Site "La Massana AND"]
[Date "2013.07.22"]
[Round "3.15"]
[White "Sreeves,C"]
[Black "Burg,T"]
[Result "0-1"]
[WhiteElo "2251"]
[BlackElo "2479"]

1.e4 c5 2.Nf3 d6 3.d4 cxd4 4.Nxd4 Nf6 5.Nc3 a6 6.Be3 Nbd7 7.g4 h6 8.Qe2 b5
9.O-O-O Bb7 10.Bg2 Rc8 11.Nd5 e6 12.f4 exd5 13.exd5 Be7 14.h4 Nxd5 15.Nf5 Nxe3
16.Qxe3 Bxg2 17.Rhe1 Kf8 18.Nxe7 Rc4 19.Rd4 Rxd4 20.Qxd4 Qb6 21.Qd2 Bb7 22.Nf5 d5
23.Qe2 Qe6 24.Qd2 Qb6 25.Qe2 Qe6 26.Qd2 Qf6 27.Qb4+ Kg8 28.Re7 Bc6 29.Ng3 a5
30.Re8+ Kh7 31.Rxh8+ Kxh8 32.Qd2 Qxh4 33.Qe3 Qxg4 34.Qe8+ Kh7 35.Qxf7 Qxg3
36.Qf5+ Kh8  0-1

[Event "28th Avoine Open"]
[Site "Avoine FRA"]
[Date "2013.07.23"]
[Round "4.5"]
[White "Dgebuadze,A"]
[Black "Loiret,S"]
[Result "1-0"]
[WhiteElo "2520"]
[BlackElo "2237"]

1.e4 c5 2.Nf3 d6 3.d4 cxd4 4.Nxd4 Nf6 5.Nc3 a6 6.Be3 e5 7.Nf3 Qc7 8.a4 Bg4
9.Be2 Nbd7 10.O-O Be7 11.Nd2 Be6 12.a5 O-O 13.Bf3 Rfc8 14.Qe2 Qc6 15.Rfd1 Bd8
16.Ra3 h6 17.Nf1 b5 18.axb6 Nxb6 19.Bc1 Nc4 20.Ra1 Rab8 21.b3 Nb6 22.Bd2 a5
23.Ne3 Ra8 24.Qb5 Bd7 25.Qxc6 Rxc6 26.Be1 Bc7 27.Nb5 Bb8 28.Rxa5 Rxa5 29.Bxa5 Nc8
30.c4 Ra6 31.Bd8 Ne8 32.h3 g6 33.Bg4 Bxg4 34.hxg4 Na7 35.Nd5 Nc6 36.Ne7+ Nxe7
37.Bxe7 f6 38.c5 dxc5 39.Rd8 Rb6 40.Bxc5 Rxb5 41.Rxe8+ Kf7 42.Re7+ Kf8 43.Rxe5+ Kf7
44.Re7+ Kf8 45.Rb7+ Rxc5 46.Rxb8+ Kf7 47.Rb7+ Ke6 48.Rh7 g5 49.Rb7 Ke5 50.f3 Kf4
51.Kh2 Rc6 52.Rb5 Re6 53.b4 Ke3 54.Kg3 Ke2 55.Ra5 Rb6 56.b5 Rb8 57.Ra6 Rxb5
58.Rxf6  1-0

[Event "ch-AUT w 2013"]
[Site "Feldkirch AUT"]
[Date "2013.07.23"]
[Round "4.1"]
[White "Froewis,A"]
[Black "Newrkla,K"]
[Result "1/2-1/2"]
[WhiteElo "2041"]
[BlackElo "2160"]

1.e4 c5 2.Nf3 d6 3.d4 cxd4 4.Nxd4 Nf6 5.Nc3 a6 6.Be3 e5 7.Nb3 Be6 8.f3 Nbd7
9.Qd2 b5 10.O-O-O Rc8 11.g4 Nb6 12.g5 Nfd7 13.Na5 Qc7 14.a3 Be7 15.h4 Nc5
16.Bxb5+ axb5 17.Nxb5 Qd7 18.Nxd6+ Bxd6 19.Qxd6 Qxd6 20.Rxd6 Nba4 21.Kb1 O-O
22.b3 Nc3+ 23.Kb2 Nb5 24.Rb6 Nd4 25.Bxd4 exd4 26.Nc6 Rfe8 27.Nxd4 Kf8 28.h5 h6
29.gxh6 gxh6 30.Re1 Rb8 31.Rxb8 Rxb8 32.Kc3 Rc8 33.Kd2 Rd8 34.Ke3 Bh3 35.Rh1 Bd7
36.Rh4 Ra8 37.a4 Na6 38.Rh1 Nb4 39.c3 Na6 40.Rb1 Nc5 41.Ra1 Nb7 42.Kd3 Ke7
43.f4 Nc5+ 44.Ke3 Rg8 45.a5 Rg3+ 46.Kf2 Nxe4+ 47.Kf1 Bh3+ 48.Ke2  1/2-1/2

[Event "31st Andorra Open"]
[Site "La Massana AND"]
[Date "2013.07.23"]
[Round "4.8"]
[White "Gaudineau,E"]
[Black "Kogan,Ar"]
[Result "1-0"]
[WhiteElo "2358"]
[BlackElo "2570"]

1.e4 c5 2.Nf3 d6 3.d4 Nf6 4.Nc3 cxd4 5.Nxd4 a6 6.Be3 e5 7.Nf3 Qc7 8.a4 Be7
9.Be2 h6 10.O-O Be6 11.a5 Nbd7 12.Ne1 O-O 13.Bf3 b6 14.axb6 Nxb6 15.Bxb6 Qxb6
16.b3 Rfc8 17.Qd3 Qb4 18.Nd5 Bxd5 19.Ra4 Qxa4 20.bxa4 Bc4 21.Qa3 Kf8 22.Qa1 Bxf1
23.Kxf1 Rab8 24.Be2 Rc6 25.f3 Bd8 26.Qa2 Rb4 27.g3 Ba5 28.Bd3 Rd4 29.Ng2 d5
30.Ne3 dxe4 31.fxe4 g6 32.Nc4 Bc7 33.Nd2 Ng4 34.Qb3 Rf6+ 35.Ke1 Ba5 36.Kd1 Ne3+
37.Ke2 Bxd2 38.Kxd2 Nc4+ 39.Ke2  1-0

[Event "Lueneburg GM 2013"]
[Site "Lueneburg GER"]
[Date "2013.07.23"]
[Round "9.5"]
[White "Lubbe,N"]
[Black "Gutman,L"]
[Result "1-0"]
[WhiteElo "2451"]
[BlackElo "2455"]

1.e4 c5 2.Nf3 d6 3.d4 cxd4 4.Nxd4 Nf6 5.Nc3 a6 6.Be3 e5 7.Nb3 Be7 8.f3 Be6
9.Qd2 O-O 10.O-O-O a5 11.Qe1 Na6 12.Nc5 Nxc5 13.Bxc5 Qb8 14.Ba3 Rc8 15.Bb5 Bc4
16.Kb1 Bxb5 17.Nxb5 Ra6 18.Rd3 Rac6 19.Qxa5 Ra6 20.Qd2 Rcc6 21.Rd1 Qa8 22.Nxd6  1-0

[Event "12th World U16 Ol"]
[Site "Chongqing CHN"]
[Date "2013.07.24"]
[Round "4"]
[White "Vavulin,M"]
[Black "Dai,Changren"]
[Result "1-0"]
[WhiteElo "2356"]
[BlackElo "2174"]

1.e4 c5 2.Nf3 d6 3.d4 cxd4 4.Nxd4 Nf6 5.Nc3 a6 6.Be3 e6 7.g4 e5 8.Nf5 g6
9.g5 gxf5 10.exf5 d5 11.Qf3 d4 12.O-O-O Qa5 13.gxf6 Nc6 14.Bc4 h5 15.Ne4 dxe3
16.Ng5 Nd4 17.Bxf7+ Kd8 18.fxe3 Bh6 19.h4 Qc7 20.Qd5+ Bd7 21.exd4 e4 22.Kb1 Kc8
23.Qxe4  1-0

[Event "ch-AUT 2013"]
[Site "Feldkirch AUT"]
[Date "2013.07.24"]
[Round "5.17"]
[White "Nussbaumer,Leon"]
[Black "Higatsberger,M"]
[Result "0-1"]
[WhiteElo "1870"]
[BlackElo "2186"]

1.e4 c5 2.Nf3 d6 3.d4 cxd4 4.Nxd4 Nf6 5.Nc3 a6 6.Be3 e5 7.Nb3 Be7 8.f3 Be6
9.Qd2 O-O 10.O-O-O a5 11.Bb5 Na6 12.Kb1 Nc7 13.Bb6 Nd7 14.Bxd7 Qxd7 15.Bxc7 Qxc7
16.Nd5 Bxd5 17.Qxd5 a4 18.Nc1 Rfc8 19.Qd3 a3 20.b3 Ra5 21.c4 b5 22.cxb5 Rxb5
23.Ne2 Bg5 24.h4 Be3 25.Ng3 g6 26.Nf1 Qc1+  0-1

[Event "Maccabiah GM1 2013"]
[Site "Jerusalem ISR"]
[Date "2013.07.24"]
[Round "5.4"]
[White "Steinberg,N"]
[Black "Raznikov,D"]
[Result "1-0"]
[WhiteElo "2416"]
[BlackElo "2489"]

1.e4 c5 2.Nf3 d6 3.d4 cxd4 4.Nxd4 Nf6 5.Nc3 a6 6.Be3 e5 7.Nb3 Be7 8.h3 Be6
9.Qf3 O-O 10.O-O-O b5 11.g4 b4 12.Nd5 Nxd5 13.exd5 Bc8 14.Bd3 a5 15.Nc5 a4
16.Kb1 Qa5 17.Ne4 Nd7 18.Ng3 Nc5 19.Bxc5 Qxc5 20.Ne4 Qb6 21.g5 a3 22.Nf6+ Kh8
23.Nxh7 Qd4 24.c3 bxc3 25.Bc2 Qf4 26.Qxf4 exf4 27.Nxf8 Bxf8 28.b3 g6 29.Rd4 Bb7
30.Rhd1 Bg7 31.Rxf4 Kg8 32.Rb4 Bc8 33.h4 Bd7 34.Re1  1-0

[Event "Maccabiah GM1 2013"]
[Site "Jerusalem ISR"]
[Date "2013.07.24"]
[Round "5.1"]
[White "Givon,A"]
[Black "Gruenfeld,Y"]
[Result "0-1"]
[WhiteElo "2438"]
[BlackElo "2442"]

1.e4 c5 2.Nf3 d6 3.d4 cxd4 4.Nxd4 Nf6 5.Nc3 a6 6.Be3 e5 7.Nb3 Be7 8.h3 O-O
9.g4 Be6 10.g5 Nfd7 11.h4 Nc6 12.Bh3 Re8 13.Qe2 a5 14.Qb5 Qc8 15.Bxe6 fxe6
16.O-O-O Bf8 17.Kb1 Ra6 18.a3 Qc7 19.Qc4 Nb6 20.Nb5 Qb8 21.Bxb6 Rxb6 22.a4 Ra6
23.Rh3 Na7 24.Qc7 Nxb5 25.Qxb8 Na3+ 26.bxa3 Rxb8 27.Rc3 b5 28.axb5 Rxb5 29.Ka2 Ra8
30.Rc6 Rb7 31.Nd2 Rf7 32.Nc4 Rxf2 33.Nxd6 Rb8 34.Rd3 Rh2 35.Rb3 Ra8 36.Nb7 Rxh4
37.Rxe6 Rxe4 38.Rb5 Re2 39.Rexe5 Rxc2+ 40.Kb3 Rac8 41.Re3 Rc1 42.Ka4 R1c4+
43.Kxa5 Bxa3 44.Re6 Rg4 45.Rd5 Bc1 46.Nd8 Rf4 47.Re8+ Rf8 48.Rxf8+ Kxf8 49.Rd7 Rc5+
50.Kb4 Re5 51.g6 hxg6 52.Kc4 g5 53.Nc6 Re1 54.Nd4 Bb2 55.Nf3 Rc1+ 56.Kb3 Bf6
57.Nd2 g4 58.Ne4 g3  0-1

[Event "Caissa GM July 2013"]
[Site "Kecskemet HUN"]
[Date "2013.07.24"]
[Round "7.1"]
[White "Mihok,O"]
[Black "Groszpeter,A"]
[Result "0-1"]
[WhiteElo "2458"]
[BlackElo "2469"]

1.e4 c5 2.Nf3 d6 3.d4 cxd4 4.Nxd4 Nf6 5.Nc3 a6 6.Be3 e5 7.Nb3 Be6 8.f3 h5
9.Qd2 Nbd7 10.O-O-O Qc7 11.Kb1 Be7 12.g3 b5 13.Nd5 Bxd5 14.exd5 Nb6 15.Bxb6 Qxb6
16.c4 O-O 17.Na5 Rfe8 18.Nc6 Bf8 19.Bd3 bxc4 20.Bxc4 e4 21.fxe4 Nxe4 22.Qd4 Qxd4
23.Rxd4 g6 24.Rf1 Bg7 25.Rdd1 f5 26.Kc2 Bf6 27.Rf3 Kg7 28.Rg1 h4 29.gxh4 Rh8
30.Rf4 Bxh4 31.Rxf5 Bg3 32.Rf3 Rxh2+ 33.Kd3 Nc5+ 34.Kc3 Bh4 35.b3 Rxa2 36.Rgf1 Bf6+
37.Kb4 Rf8 38.Nd4 Rb8+ 39.Kc3 Ne4+ 40.Kd3 Nc5+ 41.Kc3 Ne4+ 42.Kd3 Rd2+ 43.Kxe4 Rxd4+
44.Ke3 Re8+ 45.Kf2 Rd2+ 46.Kg3 Be5+ 47.Kg4 Rd4+ 48.Kg5 Bf6+ 49.Rxf6 Re5+
50.R1f5 Rxf5+ 51.Rxf5 gxf5 52.Kxf5 a5 53.Ke6 a4 54.bxa4 Rxc4 55.Kxd6 Rxa4
56.Ke7 Re4+ 57.Kd7 Kf7 58.d6 Rd4  0-1

[Event "Maccabiah IM2 2013"]
[Site "Jerusalem ISR"]
[Date "2013.07.25"]
[Round "6.1"]
[White "Reshef,O"]
[Black "Kaspi,A"]
[Result "1-0"]
[WhiteElo "2235"]
[BlackElo "2434"]

1.e4 c5 2.Nf3 d6 3.d4 cxd4 4.Nxd4 Nf6 5.Nc3 a6 6.Be3 e5 7.Nf3 Qc7 8.a4 b6
9.Be2 Be7 10.O-O O-O 11.Bg5 Nbd7 12.Nh4 g6 13.Nf3 Bb7 14.Nd5 Nxd5 15.exd5 Bxg5
16.Nxg5 Nf6 17.c4 h6 18.Nf3 b5 19.cxb5 axb5 20.Bxb5 Nxd5 21.Qc1 Qe7 22.Qxh6 Nf4
23.Ng5 f6 24.Nh3 Nxg2 25.f3 g5 26.Qg6+ Kh8 27.Qh6+ Kg8 28.Kxg2 g4 29.Qg6+ Kh8
30.Qh5+ Qh7 31.Qxh7+ Kxh7 32.Ng1 Rg8 33.Kf2 gxf3 34.Nxf3 Rg4 35.Rg1 Rf4 36.Rg3 e4
37.Rh3+ Kg7 38.Rg1+ Kf7 39.Rh7+ Ke6 40.Rxb7 Rxf3+ 41.Ke2 Ke5 42.Re7+  1-0

[Event "Maccabiah GM1 2013"]
[Site "Jerusalem ISR"]
[Date "2013.07.25"]
[Round "6.5"]
[White "Givon,A"]
[Black "Dvoirys,S"]
[Result "1/2-1/2"]
[WhiteElo "2438"]
[BlackElo "2538"]

1.e4 c5 2.Nf3 d6 3.d4 cxd4 4.Nxd4 Nf6 5.Nc3 a6 6.Be3 e5 7.Nb3 Be6 8.h3 Nbd7
9.g4 Rc8 10.Qd2 b5 11.O-O-O Nb6 12.g5 Nfd7 13.f4 Be7 14.f5 Bc4 15.h4 h6 16.f6 gxf6
17.gxh6 Qc7 18.Kb1 Bxf1 19.Bxb6 Nxb6 20.Rhxf1 b4 21.Nd5 Nxd5 22.exd5 a5 23.Rf2 a4
24.Nc1 Qc4 25.Nd3 b3 26.cxb3 axb3 27.Rc1 bxa2+ 28.Ka1 Qg4 29.Rg2 Qf5 30.Rf2 Qh3
31.Rf3 Qd7 32.Nb4 f5 33.Rxc8+ Qxc8 34.Nc6 f4 35.Rb3 Rxh6 36.Rb8 Qxb8 37.Nxb8 Rxh4
38.Qc2 Kf8 39.Qf5 Rh6 40.Nd7+ Kg7 41.Kxa2 Rg6 42.Nxe5 dxe5 43.Qxe5+ Bf6 44.Qxf4 Rg2
45.Kb3 Rxb2+ 46.Kc4 Rg2 47.Kc5 Rg6 48.Qe4 Rg5 49.Kc6 Be5 50.Kd7 Bf6 51.Qf3 Rg6
52.Ke8 Rg5 53.Kd7 Rg6 54.Qe4 Rg5 55.d6 Kg8 56.Qe8+ Kg7 57.Qe4 Kg8 58.Qe3 Kg7
59.Kc8 Rg6 60.Qf4 Rg5 61.Kd7 Re5 62.Qg3+ Rg5 63.Qf2 Re5 64.Qg1+ Rg5 65.Qc1 Re5
66.Qc4 Rg5 67.Kc8 Rg6 68.d7 Rg5 69.Kc7 Be5+ 70.Kc8 Bf6 71.d8=Q Bxd8 72.Kxd8 Rg6
73.Qd4+ Kg8 74.Qh4 Kg7 75.Kd7 Kg8 76.Qh2 Kg7 77.Qb2+ Kg8 78.Qc3 Re6 79.Qa1 Rg6
80.Qe5 Re6 81.Qxe6  1/2-1/2

[Event "6th Paleochora Open"]
[Site "Paleochora GRE"]
[Date "2013.07.25"]
[Round "8.6"]
[White "Tukhaev,A"]
[Black "Popilski,G"]
[Result "1-0"]
[WhiteElo "2520"]
[BlackElo "2506"]

1.e4 c5 2.Nf3 d6 3.d4 cxd4 4.Nxd4 Nf6 5.Nc3 a6 6.Be3 e5 7.Nb3 Be6 8.h3 Nbd7
9.g4 Rc8 10.Qd2 Be7 11.O-O-O b5 12.Kb1 Nb6 13.g5 Nfd7 14.f4 exf4 15.Bxf4 Ne5
16.Nd5 Bxd5 17.exd5 O-O 18.h4 Nec4 19.Qd4 Na4 20.Bc1 Qc7 21.Bd3 Ne5 22.Bf5 g6
23.Bxc8 Rxc8 24.c3 Bf8 25.h5 Bg7 26.hxg6 hxg6 27.Qh4 Nc4 28.Nd4 Na3+ 29.Ka1 Nxc3
30.bxc3 Qxc3+ 31.Bb2 Nc2+ 32.Kb1 Na3+ 33.Bxa3 Qxa3 34.Qh7+ Kf8 35.Ne6+  1-0

[Event "Maccabiah GM1 2013"]
[Site "Jerusalem ISR"]
[Date "2013.07.26"]
[Round "8.4"]
[White "Givon,A"]
[Black "Steinberg,N"]
[Result "1/2-1/2"]
[WhiteElo "2438"]
[BlackElo "2416"]

1.e4 c5 2.Nf3 d6 3.d4 cxd4 4.Nxd4 Nf6 5.Nc3 a6 6.Be3 e5 7.Nb3 Be6 8.h3 Be7
9.g4 d5 10.exd5 Nxd5 11.Bg2 Nxe3 12.Qxd8+ Kxd8 13.fxe3 Kc7 14.Nd5+ Bxd5 15.Bxd5 f6
16.Ke2 Nc6 17.c3 Rad8 18.Be4 Na7 19.a4 Nc8 20.Nd2 Nd6 21.Bd3 a5 22.Rag1 g6
23.h4 f5 24.gxf5 gxf5 25.Rg7 Rd7 26.e4 f4 27.Nc4 Nxc4 28.Bxc4 Bf6 29.Rxd7+ Kxd7
30.h5  1/2-1/2

[Event "ch-AUT w 2013"]
[Site "Feldkirch AUT"]
[Date "2013.07.27"]
[Round "8.3"]
[White "Wu,Min"]
[Black "Newrkla,K"]
[Result "0-1"]
[WhiteElo "1816"]
[BlackElo "2160"]

1.e4 c5 2.Nf3 d6 3.d4 cxd4 4.Nxd4 Nf6 5.Nc3 a6 6.Be3 e5 7.Nb3 Be6 8.h3 Nbd7
9.g4 Nb6 10.g5 Nfd7 11.Qd2 Rc8 12.O-O-O Be7 13.f4 exf4 14.Bxf4 Ne5 15.h4 O-O
16.Kb1 Qc7 17.Qg2 Nbc4 18.Bxc4 Nxc4 19.Rd3 b5 20.a3 Qb6 21.Nd5 Bxd5 22.exd5 Rfe8
23.h5 Ne5 24.Re3 Rc4 25.Bxe5 Qxe3 26.Bc3 Qxg5 27.Qxg5 Bxg5 28.Rg1 h6 29.Na5 Rc5
30.Rd1 Rc7 31.Nc6 Bf4 32.Ba5 Rcc8 33.Ka2 g5 34.hxg6 fxg6 35.Kb3 g5 36.Rh1 Kh7
37.Bc3 Kg6 38.Kb4 h5 39.Ka5 Ra8 40.Nb4 Re4 41.b3 g4 42.Nxa6 g3 43.Kxb5 Rc8
44.Ba5 g2 45.Rd1 Be3 46.Bb6 Bxb6 47.Kxb6 Rxc2 48.a4 h4  0-1

[Event "Sparkassen Open A 2013"]
[Site "Dortmund GER"]
[Date "2013.07.28"]
[Round "2.4"]
[White "Scheider,J"]
[Black "Meyer,Ju1"]
[Result "1-0"]
[WhiteElo "2305"]
[BlackElo "2075"]

1.e4 c5 2.Nf3 d6 3.d4 cxd4 4.Nxd4 Nf6 5.Nc3 a6 6.Be3 e5 7.Nb3 Be6 8.f4 Qc7
9.f5 Bc4 10.g4 h6 11.Qf3 b5 12.O-O-O Nc6 13.h4 Bxb3 14.axb3 Nb4 15.Bd3 Rc8
16.Kb1 Qa5 17.g5 Nd7 18.f6 g6 19.h5 hxg5 20.hxg6 Rxh1 21.Rxh1 Rxc3 22.bxc3 Qa2+
23.Kc1 Nxd3+ 24.Kd2 N3c5 25.Bxc5 Nxc5 26.g7 Bxg7 27.fxg7  1-0

[Event "ch-AUT 2013"]
[Site "Feldkirch AUT"]
[Date "2013.07.28"]
[Round "9.14"]
[White "Sandhoefner,F"]
[Black "Higatsberger,M"]
[Result "1-0"]
[WhiteElo "2270"]
[BlackElo "2186"]

1.e4 c5 2.Nf3 d6 3.d4 cxd4 4.Nxd4 Nf6 5.Nc3 a6 6.Be3 e5 7.Nb3 Be7 8.Be2 Be6
9.Nd5 Nbd7 10.Qd3 O-O 11.a4 Bxd5 12.exd5 a5 13.O-O b6 14.f3 Nc5 15.Nxc5 bxc5
16.Qd2 Nh5 17.Bb5 h6 18.c3 Bg5 19.Bxg5 hxg5 20.b4 cxb4 21.cxb4 axb4 22.Qxb4 Qb6+
23.Kh1 Rfc8 24.Qd2 Rc5 25.Bc6 Rb8 26.a5 Qa6 27.g3 Nf6 28.Rfc1 Rxc1+ 29.Qxc1 e4
30.Qf1 Qa7 31.a6 Rb2 32.Bb7 e3 33.Qc1 Rf2 34.Qc8+ Kh7 35.Qf5+ Kg8 36.Qc8+ Kh7
37.Qf5+ Kh6 38.h4 Nh7 39.Ra4 g6 40.Qxf7 Rf1+ 41.Kh2 Rf2+ 42.Kg1 Rxf3 43.hxg5+  1-0